000 00615nam a2200265Ia 4500
005 20260306164316.0
008 008 260114s9999 xx 000 0 eng d
020 _a9780231541664
037 _aEBOOK
040 _aCRL
040 _beng
040 _cCRL
041 _2eng
041 _aeng
084 _qCRL
100 _aKeohane
_9880928
245 0 _aCapital And The Common Good
260 _bColumbia University Press
260 _c2017
650 _aEconomics & Finance
856 _uhttps://academic.oup.com/book/30566
942 _cEBOOK
999 _c1713592
_d1713592